Superpoblación capitalista en América Latina: un intento de marginalización del concepto de marginalidad /
Sparad:
| Huvudupphovsman: | |
|---|---|
| Övriga upphovsmän: | |
| Materialtyp: | Text |
| Ämnen: | |
| Taggar: |
Lägg till en tagg
Inga taggar, Lägg till första taggen!
|
MARC
| LEADER | 00000 a a2200000 04500 | ||
|---|---|---|---|
| 001 | 7977 | ||
| 003 | |||
| 040 | |||
| 100 | |a Campanario Spinola, Paulo Alberto | ||
| 245 | |a Superpoblación capitalista en América Latina: |b un intento de marginalización del concepto de marginalidad / |c Paulo Alberto Campanario Spinola, Ernesto Richter | ||
| 650 | |a MARGINALIDAD | ||
| 700 | |a Richter, Ernesto | ||
| 773 | |g número 9; páginas 38-71 | ||
| 999 | |c 24723 |d 24723 | ||
| 773 | 0 | |0 18875 |9 5496 |a Universidad de Costa Rica. |d San José, Costa Rica: Universidad de Costa Rica. Consejo Superior Universitario Centroamericano, 1972- |o 13826 |t Estudios Sociales Centroamericanos / |x 03039676 | |
